El sueño del pibe /

Guardado en:
Autor Principal: Yiso, Reinaldo
Otros Autores: Zweig, Pablo; il.
Formato: Libro
Publicado: Buenos Aires: Además, 2013
Series:2x4 = Tango para pibes
Materias:
Etiquetas: Agregar Etiqueta
Sin Etiquetas, Sea el primero en etiquetar este registro!
LEADER 00870nam a22002655a 4500
001 CEM.cems015023
005 20191206182613.0
008 130507s2013##################000#0#####d
003 CEMS
020 |a 9789872353018 
082 0 4 |a A861.4 
100 1 |a Yiso, Reinaldo 
245 1 0 |a El sueño del pibe /  |c Reinaldo Tiso; ilustrado Por Pablo Zweig 
260 |a Buenos Aires: Además,  |c 2013 
300 |a 24 p. 
490 0 |a 2x4 = Tango para pibes 
653 |a Literatura 
653 |a Literatura argentina 
653 |a Poesía 
653 |a Tango 
653 |a Colección ciencias de la educación 
700 1 |a Zweig, Pablo; il. 
859 |a CEMS  |b BIB. CEMS - Ccias. Educacion  |h A861.4  |i Y62  |k CE  |p 27930.19  |t Ej.1 
859 |a CEMS  |b BIB. CEMS - Ccias. Educacion  |h A861.4  |i Y62  |k CE  |p 27931.19  |t Ej.2 
859 |a CEMS  |b BIB. CEMS - Ccias. Educacion  |h A861.4  |i Y62  |k CE  |p 28592.19  |t Ej.3